[Event "Olimpiada Dresden 2008 Femenina"]
[Site "Dresden GER"]
[Date "2008.11.20"]
[Round "7.16"]
[White "Kopinits, Anna-Christina"]
[Black "Aginian, Nelly"]
[Result "0-1"]
[WhiteElo "2270"]
[BlackElo "2325"]
[PlyCount "66"]
[EventDate "2008.11.13"]
[EventType "team-tourn"]
[EventRounds "11"]
[EventCountry "GER"]
[Source "lmi"]
[SourceDate "2008.11.13"]
[WhiteTeam "Austria"]
[BlackTeam "Armenia"]
[WhiteTeamCountry "AUT"]
[BlackTeamCountry "ARM"]

1. e4 e6 2. d4 d5 3. Nd2 c5 4. exd5 exd5 5. Bb5+ Bd7 6. Bxd7+ Nxd7 7. Ngf3 Ngf6
8. O-O Be7 9. dxc5 Nxc5 10. Nb3 Nce4 11. Bf4 O-O 12. Nfd4 Qd7 13. Qf3 Rfe8 14.
h3 Bf8 15. Rfd1 g6 16. c3 Bg7 17. a4 Rac8 18. a5 a6 19. Nc2 Qb5 20. Nb4 Qc4 21.
Nd2 Nxd2 22. Bxd2 Re5 23. g4 h5 24. b3 Qxb3 25. Bf4 Rxc3 26. Qg2 Re8 27. Rab1
Qc4 28. g5 Ne4 29. Nxd5 Rd3 30. Nf6+ Bxf6 31. gxf6 Rxd1+ 32. Rxd1 Nc3 33. Qg5
Ne2+ 0-1

[Event "Olimpiada Dresden 2008 Femenina"]
[Site "Dresden GER"]
[Date "2008.11.20"]
[Round "7.17"]
[White "Jackova, Jana"]
[Black "Cmilyte, Viktorija"]
[Result "1-0"]
[WhiteElo "2360"]
[BlackElo "2512"]
[PlyCount "95"]
[EventDate "2008.11.13"]
[EventType "team-tourn"]
[EventRounds "11"]
[EventCountry "GER"]
[Source "lmi"]
[SourceDate "2008.11.13"]
[WhiteTeam "Chequia"]
[BlackTeam "Lituania"]
[WhiteTeamCountry "CZE"]
[BlackTeamCountry "LTU"]

1. e4 c5 2. Nf3 Nc6 3. Bb5 e6 4. O-O Nge7 5. b3 Ng6 6. Bb2 Qc7 7. Re1 f6 8.
Bxc6 bxc6 9. e5 Be7 10. d3 O-O 11. Nbd2 fxe5 12. Nxe5 Nxe5 13. Bxe5 d6 14. Bg3
e5 15. c3 Bf5 16. Nc4 Qd7 17. Qd2 h5 18. h4 Rae8 19. Rac1 Bf6 20. a3 Be6 21. b4
cxb4 22. axb4 Qe7 23. Na5 Bd7 24. d4 Bxh4 25. Bxh4 Qxh4 26. dxe5 d5 27. e6 Bxe6
28. Nxc6 Qf6 29. Qd4 Qg5 30. Qe3 Qg6 31. Ne5 Qf6 32. Qxa7 Bf5 33. Qd4 Be4 34.
f3 Rxe5 35. fxe4 Qe6 36. c4 dxe4 37. c5 Kh8 38. Qe3 Qg6 39. c6 Qg4 40. c7 Rc8
41. Qd4 Qe6 42. b5 Rxb5 43. Rxe4 Qh6 44. Rce1 Kh7 45. Re8 Rxe8 46. Qd3+ g6 47.
Qd7+ Qg7 48. Qxg7+ 1-0

[Event "Olimpiada Dresden 2008 Femenina"]
[Site "Dresden GER"]
[Date "2008.11.20"]
[Round "7.17"]
[White "Daulyte, Deimante"]
[Black "Nemcova, Katerina"]
[Result "1-0"]
[WhiteElo "2278"]
[BlackElo "2369"]
[PlyCount "85"]
[EventDate "2008.11.13"]
[EventType "team-tourn"]
[EventRounds "11"]
[EventCountry "GER"]
[Source "lmi"]
[SourceDate "2008.11.13"]
[WhiteTeam "Lituania"]
[BlackTeam "Chequia"]
[WhiteTeamCountry "LTU"]
[BlackTeamCountry "CZE"]

1. e4 c5 2. Nf3 e6 3. d4 cxd4 4. Nxd4 a6 5. Be2 Ne7 6. Nc3 Nbc6 7. Nb3 Ng6 8.
Be3 b5 9. f4 d6 10. Qd2 Be7 11. O-O O-O 12. g3 Bb7 13. Bf3 Rc8 14. Qf2 Qc7 15.
Rad1 Qb8 16. h4 Bf6 17. h5 Bxc3 18. bxc3 Nge7 19. Qd2 Nd8 20. h6 g6 21. Qxd6
Qxd6 22. Rxd6 Rxc3 23. Bd4 Rxc2 24. Bf6 Ndc6 25. Bxe7 Nxe7 26. Rd7 Bc8 27. Rxe7
Rxa2 28. e5 a5 29. Ra1 Rxa1+ 30. Nxa1 Rd8 31. Ra7 a4 32. Ra8 Kf8 33. Bb7 b4 34.
Rxc8 Rxc8 35. Bxc8 b3 36. Nxb3 axb3 37. Ba6 f5 38. Kf2 Kf7 39. Ke3 b2 40. Bd3
Ke7 41. Kd2 Kf7 42. Kc2 g5 43. Bc4 1-0

[Event "Olimpiada Dresden 2008 Femenina"]
[Site "Dresden GER"]
[Date "2008.11.20"]
[Round "7.17"]
[White "Kulovana, Eva"]
[Black "Sarakauskiene, Zivile"]
[Result "0-1"]
[WhiteElo "2286"]
[BlackElo "2188"]
[PlyCount "140"]
[EventDate "2008.11.13"]
[EventType "team-tourn"]
[EventRounds "11"]
[EventCountry "GER"]
[Source "lmi"]
[SourceDate "2008.11.13"]
[WhiteTeam "Chequia"]
[BlackTeam "Lituania"]
[WhiteTeamCountry "CZE"]
[BlackTeamCountry "LTU"]

1. e4 c5 2. Nf3 e6 3. d4 cxd4 4. Nxd4 a6 5. Bd3 Nf6 6. O-O d6 7. Qe2 g6 8. c4
Bg7 9. Nf3 Nbd7 10. Bf4 e5 11. Be3 O-O 12. Nc3 Re8 13. Rac1 Ng4 14. Bg5 f6 15.
Bh4 Nc5 16. h3 Nh6 17. Bb1 g5 18. Bg3 g4 19. Nh4 gxh3 20. Nf5 Ne6 21. Qh5 Nxf5
22. exf5 Ng5 23. Ne4 Bxf5 24. Nxg5 Bxb1 25. Qf7+ Kh8 26. Ne6 Rxe6 27. Qxe6 hxg2
28. Kxg2 Be4+ 29. f3 Bg6 30. b3 f5 31. f4 Qf6 32. Qxf6 Bxf6 33. Rfd1 exf4 34.
Bxf4 Be5 35. Rf1 Kg7 36. Rcd1 Kf6 37. Bg3 Rc8 38. Kf2 b5 39. Bxe5+ dxe5 40.
Rd6+ Kg5 41. Rc1 e4 42. c5 f4 43. Rd5+ Kf6 44. b4 Bf7 45. Rd6+ Ke5 46. Rh1 e3+
47. Kf3 Bd5+ 48. Rxd5+ Kxd5 49. Kxf4 Re8 50. Kf3 Kc4 51. a3 Kb3 52. Re1 Rf8+
53. Kxe3 Kxa3 54. Rb1 Ka2 55. Rh1 Kb3 56. Rb1+ Kc2 57. Rh1 Kc3 58. Rh4 Rf7 59.
Rf4 Re7+ 60. Re4 Rc7 61. Kf4 a5 62. Ke5 axb4 63. Kd6 Rc8 64. Rh4 b3 65. Rh3+
Kb4 66. Rh4+ Ka3 67. Rh3 Ka2 68. Rxh7 b2 69. Ra7+ Kb3 70. Rb7 b4 0-1

[Event "Olimpiada Dresden 2008 Femenina"]
[Site "Dresden GER"]
[Date "2008.11.20"]
[Round "7.18"]
[White "Heinatz, Dr. Gundula"]
[Black "Sharevich, Anna"]
[Result "0-1"]
[WhiteElo "2227"]
[BlackElo "2322"]
[PlyCount "126"]
[EventDate "2008.11.13"]
[EventType "team-tourn"]
[EventRounds "11"]
[EventCountry "GER"]
[Source "lmi"]
[SourceDate "2008.11.13"]
[WhiteTeam "Suiza"]
[BlackTeam "Bielorusia"]
[WhiteTeamCountry "SUI"]
[BlackTeamCountry "BLR"]

1. Nf3 d5 2. d4 Nf6 3. c3 Bf5 4. Bf4 e6 5. Qb3 Qc8 6. e3 Bd6 7. Bb5+ Nbd7 8.
Bxd6 cxd6 9. Nh4 Be4 10. Nd2 a6 11. Be2 h6 12. O-O O-O 13. f4 Bh7 14. f5 exf5
15. Nxf5 Bxf5 16. Rxf5 Nc5 17. Qc2 Nce4 18. Raf1 Qe6 19. Nxe4 Nxe4 20. Bd3 g6
21. R5f4 f5 22. g4 Rae8 23. gxf5 Rxf5 24. Bxe4 dxe4 25. Qb3 Qxb3 26. axb3 Ref8
27. Rxf5 gxf5 28. c4 Kg7 29. b4 Kf6 30. Kf2 d5 31. b3 Rc8 32. c5 f4 33. exf4
Rg8 34. Rc1 Kf5 35. c6 bxc6 36. Rxc6 Rb8 37. Rxa6 Rxb4 38. Rxh6 Rxd4 39. Rh4
Rd2+ 40. Ke3 Rd3+ 41. Ke2 d4 42. Rh8 Rxb3 43. Rf8+ Kg4 44. Rg8+ Kxf4 45. Rf8+
Kg4 46. Rg8+ Kf5 47. Rf8+ Kg6 48. Rf4 Re3+ 49. Kd2 Kg5 50. Rf8 Rh3 51. Rg8+ Kf4
52. Rf8+ Kg4 53. Rg8+ Kf3 54. Rf8+ Kg2 55. Rd8 Kf2 56. Rf8+ Rf3 57. Re8 e3+ 58.
Kd1 d3 59. h4 Kg2 60. Rg8+ Kh2 61. Ke1 d2+ 62. Ke2 Rf1 63. Rd8 Re1+ 0-1

[Event "Olimpiada Dresden 2008 Femenina"]
[Site "Dresden GER"]
[Date "2008.11.20"]
[Round "7.18"]
[White "Popova, Natalija"]
[Black "Seps, Monika"]
[Result "0-1"]
[WhiteElo "2264"]
[BlackElo "2203"]
[PlyCount "122"]
[EventDate "2008.11.13"]
[EventType "team-tourn"]
[EventRounds "11"]
[EventCountry "GER"]
[Source "lmi"]
[SourceDate "2008.11.13"]
[WhiteTeam "Bielorusia"]
[BlackTeam "Suiza"]
[WhiteTeamCountry "BLR"]
[BlackTeamCountry "SUI"]

1. e4 c5 2. Nf3 d6 3. d4 cxd4 4. Nxd4 Nf6 5. Nc3 a6 6. Be2 e5 7. Nb3 Be7 8. Bg5
Be6 9. Bxf6 Bxf6 10. Qd3 Bg5 11. Rd1 Nc6 12. a3 O-O 13. O-O Rc8 14. Rfe1 Qf6
15. Nd5 Qg6 16. Bf3 Ne7 17. Nxe7+ Bxe7 18. Nd2 Rc6 19. b3 Rfc8 20. c4 b5 21.
cxb5 Rc3 22. Qe2 axb5 23. Qxb5 Bg5 24. Nf1 Rxb3 25. Qa6 Rxf3 26. gxf3 Bd2+ 27.
Kh1 Bh3 28. Qxc8+ Bxc8 29. Rxd2 Bh3 30. Ng3 h5 31. Rg1 Qh6 32. Rd3 h4 33. Ne2
Bc8 34. Nc3 Ba6 35. Re3 Bc4 36. a4 Kf8 37. a5 Qe6 38. Ra1 h3 39. Rd1 Qf6 40.
Rg1 Qd8 41. Ra1 Qh4 42. Rg1 Qxf2 43. Nd1 Qd2 44. Ra3 Bf1 45. Ne3 Bg2+ 46. Nxg2
hxg2+ 47. Rxg2 Qc1+ 48. Rg1 Qxa3 49. Kg2 Qxa5 50. Rd1 Ke7 51. Kg3 Ke6 52. Kg2
Qb4 53. Kg3 f5 54. exf5+ Kxf5 55. Kh3 Qb3 56. Rf1 d5 57. Rf2 d4 58. Kh4 d3 59.
h3 Qb4+ 60. f4 Qxf4+ 61. Rxf4+ Kxf4 0-1

[Event "Olimpiada Dresden 2008 Femenina"]
[Site "Dresden GER"]
[Date "2008.11.20"]
[Round "7.18"]
[White "Hund, Barbara"]
[Black "Berlin, Tatiana"]
[Result "1-0"]
[WhiteElo "2216"]
[BlackElo "2218"]
[PlyCount "87"]
[EventDate "2008.11.13"]
[EventType "team-tourn"]
[EventRounds "11"]
[EventCountry "GER"]
[Source "lmi"]
[SourceDate "2008.11.13"]
[WhiteTeam "Suiza"]
[BlackTeam "Bielorusia"]
[WhiteTeamCountry "SUI"]
[BlackTeamCountry "BLR"]

1. e4 e5 2. Bc4 Nf6 3. d3 Nc6 4. Nc3 Bb4 5. Bg5 h6 6. Bxf6 Qxf6 7. Nge2 Qg6 8.
O-O d6 9. Nd5 Ba5 10. Kh1 f5 11. exf5 Bxf5 12. c3 Bb6 13. b4 Rf8 14. a4 Be6 15.
f4 Bxd5 16. Bxd5 a5 17. b5 Nd8 18. fxe5 dxe5 19. Ng3 c6 20. Be4 Rxf1+ 21. Qxf1
Qg5 22. Qf3 Rc8 23. Rf1 Bc5 24. bxc6 bxc6 25. d4 exd4 26. cxd4 Be7 27. Nf5 Rc7
28. Nxe7 Rxe7 29. Bxc6+ Nxc6 30. Qxc6+ Rd7 31. Re1+ Kd8 32. Qb6+ Kc8 33. Re8+
Rd8 34. Rxd8+ Qxd8 35. Qxd8+ Kxd8 36. Kg1 Ke7 37. Kf2 Ke6 38. Ke3 h5 39. h4 Kf5
40. Kf3 g6 41. Ke3 g5 42. hxg5 Kxg5 43. Ke4 h4 44. d5 1-0

[Event "Olimpiada Dresden 2008 Femenina"]
[Site "Dresden GER"]
[Date "2008.11.20"]
[Round "7.20"]
[White "Dembo, Yelena"]
[Black "Rogule, Laura"]
[Result "1-0"]
[WhiteElo "2446"]
[BlackElo "2260"]
[PlyCount "69"]
[EventDate "2008.11.13"]
[EventType "team-tourn"]
[EventRounds "11"]
[EventCountry "GER"]
[Source "lmi"]
[SourceDate "2008.11.13"]
[WhiteTeam "Grecia"]
[BlackTeam "Letonia"]
[WhiteTeamCountry "GRE"]
[BlackTeamCountry "LAT"]

1. e4 c5 2. Nf3 Nc6 3. Bb5 g6 4. O-O Bg7 5. c3 e5 6. d4 cxd4 7. cxd4 Nxd4 8.
Nxd4 exd4 9. Na3 a6 10. Bc4 Ne7 11. Bg5 O-O 12. f4 d5 13. Bxd5 h6 14. Bh4 Qd7
15. Bb3 b5 16. Qd3 Nc6 17. f5 g5 18. f6 gxh4 19. fxg7 Kxg7 20. Bd5 Bb7 21. Rf4
Ne5 22. Qxd4 f6 23. Rxh4 Ng6 24. Rh3 Bxd5 25. exd5 Rae8 26. Qd2 Rh8 27. Rc1 Qd6
28. Rg3 Re4 29. Rc6 Qe7 30. h3 Rd8 31. d6 Qa7+ 32. Kh2 Rd7 33. Qc2 Qd4 34. Rc7
Rxc7 35. dxc7 1-0

[Event "Olimpiada Dresden 2008 Femenina"]
[Site "Dresden GER"]
[Date "2008.11.20"]
[Round "7.20"]
[White "Berzina, Ilze"]
[Black "Botsari, Anna-Maria"]
[Result "1/2-1/2"]
[WhiteElo "2320"]
[BlackElo "2308"]
[PlyCount "139"]
[EventDate "2008.11.13"]
[EventType "team-tourn"]
[EventRounds "11"]
[EventCountry "GER"]
[Source "lmi"]
[SourceDate "2008.11.13"]
[WhiteTeam "Letonia"]
[BlackTeam "Grecia"]
[WhiteTeamCountry "LAT"]
[BlackTeamCountry "GRE"]

1. e4 c5 2. Nf3 e6 3. c4 Nc6 4. Nc3 Nf6 5. Be2 d5 6. exd5 exd5 7. d4 Be6 8.
cxd5 Nxd5 9. O-O Be7 10. Nxd5 Qxd5 11. dxc5 Qxc5 12. Be3 Qf5 13. Nd4 Nxd4 14.
Qxd4 O-O 15. Bf3 Rfd8 16. Qe4 Qxe4 17. Bxe4 Bd5 18. Bxd5 Rxd5 19. Rfd1 Rad8 20.
Rxd5 Rxd5 21. Bxa7 Bf6 22. Rc1 h5 23. b4 Be7 24. Rc8+ Kh7 25. g3 Bxb4 26. Rc7
Ra5 27. Rxb7 Bc3 28. Rxf7 Rxa2 29. Kg2 Kg6 30. Rb7 Ra4 31. h4 Bd4 32. Bxd4 Rxd4
33. Rb6+ Kh7 34. Rb5 Kh6 35. Kf3 Rd2 36. Ke3 Ra2 37. Rb4 Ra3+ 38. Kf4 Ra6 39.
f3 Rf6+ 40. Ke3 Re6+ 41. Re4 Ra6 42. g4 hxg4 43. fxg4 g6 44. Kf4 Rf6+ 45. Ke5
Ra6 46. Kf4 Rf6+ 47. Kg3 Ra6 48. Re3 Rb6 49. Rf3 Kg7 50. g5 Rb7 51. Rd3 Ra7 52.
Rd4 Rf7 53. Kg4 Kh7 54. Re4 Kg7 55. Rf4 Ra7 56. Kf3 Ra3+ 57. Ke4 Ra5 58. Kd4
Rb5 59. Kc4 Ra5 60. Kc3 Re5 61. Rc4 Rf5 62. Rc7+ Kg8 63. Kd3 Ra5 64. Rd7 Ra4
65. Rd4 Ra5 66. Ke4 Kf7 67. Rd7+ Ke6 68. Rh7 Ra4+ 69. Kf3 Ra3+ 70. Ke4 1/2-1/2

[Event "Olimpiada Dresden 2008 Femenina"]
[Site "Dresden GER"]
[Date "2008.11.20"]
[Round "7.21"]
[White "Lujan, Carolina"]
[Black "Hansen, Evgenia"]
[Result "1-0"]
[WhiteElo "2366"]
[BlackElo "2169"]
[PlyCount "167"]
[EventDate "2008.11.13"]
[EventType "team-tourn"]
[EventRounds "11"]
[EventCountry "GER"]
[Source "lmi"]
[SourceDate "2008.11.13"]
[WhiteTeam "Argentina"]
[BlackTeam "Dinamarca"]
[WhiteTeamCountry "ARG"]
[BlackTeamCountry "DEN"]

1. e4 e5 2. Nf3 Nc6 3. Bc4 Bc5 4. c3 Nf6 5. d3 a6 6. Nbd2 Ba7 7. Bb3 O-O 8. h3
d5 9. Qe2 dxe4 10. dxe4 Qe7 11. Nf1 Be6 12. Ng3 Na5 13. Bxe6 Qxe6 14. b3 Rfe8
15. O-O b5 16. Nf5 Qc6 17. Re1 Nb7 18. Ba3 Nc5 19. Bxc5 Bxc5 20. a4 Rab8 21.
axb5 axb5 22. b4 Bf8 23. Qe3 Ra8 24. Rxa8 Qxa8 25. Qg5 Nxe4 26. Nh6+ Kh8 27.
Nxf7+ Kg8 28. Nh6+ Kh8 29. Nf7+ Kg8 30. Qf5 Nf6 31. N7xe5 Qd5 32. Qb1 Bd6 33.
Rd1 Qe6 34. Re1 Qd5 35. Rd1 Qe6 36. Nd3 Qc4 37. Qc2 Nd5 38. Rc1 Bf4 39. Nxf4
Nxf4 40. Nd4 g6 41. Qd2 Rf8 42. Ra1 Qd5 43. Qa2 c6 44. Nxc6 Qxa2 45. Rxa2 Nd5
46. Ra7 Re8 47. g3 Nxc3 48. Ne7+ Kf8 49. Nc6 Kg8 50. Rc7 Nd5 51. Rd7 Nc3 52.
Kg2 Re4 53. Rd4 Rxd4 54. Nxd4 Nd5 55. Nc2 Kf7 56. Kf3 Ke6 57. Ke4 Kd6 58. Kd4
h6 59. f4 h5 60. Ke4 Nf6+ 61. Kd4 Nd5 62. Ke4 Nf6+ 63. Kd3 Nd5 64. Ke4 Nf6+ 65.
Kd4 Nd5 66. h4 Ne7 67. Ke4 Nd5 68. f5 gxf5+ 69. Kxf5 Nc3 70. Kg5 Ne2 71. Kxh5
Nxg3+ 72. Kg4 Ne4 73. Kf4 Kd5 74. Ne3+ Kd4 75. Nf5+ Kd5 76. Ne7+ Kd4 77. h5 Nf6
78. h6 Nh7 79. Kf5 Nf8 80. Ng6 Nh7 81. Ne5 Nf8 82. Kf6 Ke4 83. Nf7 Kd5 84. Kg7
1-0

[Event "Olimpiada Dresden 2008 Femenina"]
[Site "Dresden GER"]
[Date "2008.11.20"]
[Round "7.21"]
[White "Zuriel, Marisa"]
[Black "Treppendahl, Trine"]
[Result "1-0"]
[WhiteElo "2189"]
[BlackElo "2049"]
[PlyCount "69"]
[EventDate "2008.11.13"]
[EventType "team-tourn"]
[EventRounds "11"]
[EventCountry "GER"]
[Source "lmi"]
[SourceDate "2008.11.13"]
[WhiteTeam "Argentina"]
[BlackTeam "Dinamarca"]
[WhiteTeamCountry "ARG"]
[BlackTeamCountry "DEN"]

1. e4 c6 2. d4 d5 3. e5 c5 4. dxc5 Nc6 5. Bb5 e6 6. Be3 Nge7 7. c3 Bd7 8. Bxc6
Nxc6 9. f4 g5 10. Ne2 gxf4 11. Nxf4 Nxe5 12. Bd4 Qg5 13. O-O Bb5 14. Nh3 Qg7
15. Re1 Rg8 16. Nf4 Bxc5 17. Bxc5 Nd3 18. Qe2 Bc4 19. Nxd3 Bxd3 20. Qf2 Be4 21.
g3 b6 22. Be3 h5 23. Nd2 Bd3 24. Bd4 Qh7 25. Re3 h4 26. Nf1 O-O-O 27. a4 Be4
28. a5 hxg3 29. Rxg3 Rxg3+ 30. Nxg3 bxa5 31. Rxa5 Rg8 32. Rxa7 Rg4 33. Be5
Rxg3+ 34. Bxg3 Qh5 35. Qc5+ 1-0

[Event "Olimpiada Dresden 2008 Femenina"]
[Site "Dresden GER"]
[Date "2008.11.20"]
[Round "7.21"]
[White "Frank-Nielsen, Marie"]
[Black "Amed, Stephanie"]
[Result "1/2-1/2"]
[WhiteElo "1971"]
[BlackElo "2142"]
[PlyCount "65"]
[EventDate "2008.11.13"]
[EventType "team-tourn"]
[EventRounds "11"]
[EventCountry "GER"]
[Source "lmi"]
[SourceDate "2008.11.13"]
[WhiteTeam "Dinamarca"]
[BlackTeam "Argentina"]
[WhiteTeamCountry "DEN"]
[BlackTeamCountry "ARG"]

1. e4 e6 2. d4 d5 3. Nc3 Bb4 4. Bd3 dxe4 5. Bxe4 Nf6 6. Bf3 c5 7. a3 Bxc3+ 8.
bxc3 O-O 9. Ne2 Nc6 10. O-O Qa5 11. Bd2 Rd8 12. Qc1 cxd4 13. cxd4 Qc7 14. c3 e5
15. Bxc6 bxc6 16. Bg5 Qd6 17. dxe5 Qxe5 18. Ng3 Rd5 19. Bf4 Qe7 20. c4 Rd4 21.
Re1 Qd8 22. Be5 Rg4 23. Bxf6 gxf6 24. Nh5 Be6 25. Qh6 Rg6 26. Qf4 Bg4 27. Ng3
Qa5 28. Re3 Be6 29. Rae1 Qg5 30. Qxg5 fxg5 31. c5 Rb8 32. Ne4 Rb5 33. Rc3
1/2-1/2

[Event "Olimpiada Dresden 2008 Femenina"]
[Site "Dresden GER"]
[Date "2008.11.20"]
[Round "7.23"]
[White "Moylan, Laura"]
[Black "Ubaldo Suarez, Maria Gisela"]
[Result "0-1"]
[WhiteElo "2114"]
[BlackElo "2089"]
[PlyCount "120"]
[EventDate "2008.11.13"]
[EventType "team-tourn"]
[EventRounds "11"]
[EventCountry "GER"]
[Source "lmi"]
[SourceDate "2008.11.13"]
[WhiteTeam "Australia"]
[BlackTeam "Venezuela"]
[WhiteTeamCountry "AUS"]
[BlackTeamCountry "VEN"]

1. e4 c5 2. Nf3 d6 3. d4 cxd4 4. Nxd4 Nf6 5. Nc3 g6 6. Be3 Bg7 7. f3 Nc6 8. Qd2
Bd7 9. O-O-O O-O 10. g4 Rc8 11. h4 h5 12. gxh5 Nxh5 13. Rg1 Ne5 14. Bh6 Qa5 15.
Bxg7 Kxg7 16. f4 Rxc3 17. fxe5 Rc5 18. Qxa5 Rxa5 19. exd6 exd6 20. Bc4 Re5 21.
Bd5 Nf6 22. Nf3 Re7 23. h5 Bg4 24. hxg6 fxg6 25. Nh4 Rh8 26. Nf5+ gxf5 27. exf5
Kf8 28. Rd4 Bxf5 29. Rf1 Rh5 30. Rdf4 Re5 31. Bxb7 Ke7 32. Ra4 Rc5 33. Rxa7
Rxc2+ 34. Kd1 Rc7 35. Rg1 Ng4 36. a3 Kf6 37. Rg3 Nf2+ 38. Ke2 Rc2+ 39. Kf3 Rh7
40. Rg2 Rxb7 41. Rxb7 Be4+ 42. Kg3 Nh1+ 43. Kf4 Bxg2 44. Rb6 Rc4+ 45. Ke3 Ke5
46. b3 Rc6 47. Rb8 Bd5 48. Re8+ Be6 49. Kd2 Ng3 50. b4 Ne4+ 51. Ke1 Ra6 52. b5
Rxa3 53. b6 Rb3 54. Rb8 Bc4 55. Kd1 Kd4 56. Kc2 Nc5 57. Rc8 Bd3+ 58. Kd2 Ne4+
59. Kd1 Rb1+ 60. Rc1 Rxb6 0-1

[Event "Olimpiada Dresden 2008 Femenina"]
[Site "Dresden GER"]
[Date "2008.11.20"]
[Round "7.23"]
[White "Hernandez, Zaida"]
[Black "Dekic, Biljana N"]
[Result "1-0"]
[WhiteElo "2039"]
[BlackElo "2103"]
[PlyCount "91"]
[EventDate "2008.11.13"]
[EventType "team-tourn"]
[EventRounds "11"]
[EventCountry "GER"]
[Source "lmi"]
[SourceDate "2008.11.13"]
[WhiteTeam "Venezuela"]
[BlackTeam "Australia"]
[WhiteTeamCountry "VEN"]
[BlackTeamCountry "AUS"]

1. e4 c5 2. Nf3 d6 3. d4 cxd4 4. Nxd4 Nf6 5. Nc3 e6 6. Be2 a6 7. O-O Qc7 8. f4
b5 9. Bf3 Bb7 10. e5 Nfd7 11. Kh1 d5 12. f5 Nxe5 13. fxe6 f6 14. Nxd5 Bxd5 15.
Bxd5 Ra7 16. Bf4 Bc5 17. c3 g6 18. Bg3 Ke7 19. Nf3 Bd6 20. Qe2 Nxf3 21. Qxf3
Rf8 22. Bh4 Be5 23. Bf2 Bd6 24. Bxa7 Qxa7 25. Rad1 Qc7 26. Qh3 h5 27. Qd3 f5
28. Qe3 Be5 29. Qg5+ Rf6 30. Qh6 Ke8 31. Bb3 Bxh2 32. a4 Bd6 33. Rd3 Be7 34.
Rfd1 Nc6 35. Rd7 Qg3 36. Rxe7+ Nxe7 37. Qh8+ Rf8 38. Rd8+ Kxd8 39. Qxf8+ Kc7
40. Qxe7+ Kb8 41. Qd8+ Ka7 42. Qd4+ Kb7 43. a5 f4 44. Qe4+ Kc7 45. Qe5+ Kc8 46.
e7 1-0

[Event "Olimpiada Dresden 2008 Femenina"]
[Site "Dresden GER"]
[Date "2008.11.20"]
[Round "7.24"]
[White "Tsiganova, Monika"]
[Black "Baklanova, Tatiana"]
[Result "0-1"]
[WhiteElo "2208"]
[BlackElo "2231"]
[PlyCount "110"]
[EventDate "2008.11.13"]
[EventType "team-tourn"]
[EventRounds "11"]
[EventCountry "GER"]
[Source "lmi"]
[SourceDate "2008.11.13"]
[WhiteTeam "Estonia"]
[BlackTeam "Ucrania"]
[WhiteTeamCountry "EST"]
[BlackTeamCountry "UKR"]

1. d4 Nf6 2. Nf3 e6 3. e3 c5 4. c4 d5 5. cxd5 exd5 6. Nc3 Nc6 7. Bd3 Bg4 8. O-O
c4 9. Be2 Bb4 10. Ne5 Bxe2 11. Nxe2 Rc8 12. Ng3 O-O 13. Bd2 Qa5 14. Bxb4 Qxb4
15. Nf5 Kh8 16. Qf3 Nxe5 17. dxe5 Ne4 18. Qg4 g6 19. Nd4 Nd2 20. Rfd1 Qxb2 21.
Rac1 Ne4 22. Rc2 Qb6 23. e6 fxe6 24. Nxe6 Nf6 25. Qh3 Rfe8 26. Nf4 Kg7 27. Qf3
Rc5 28. h4 Qc6 29. h5 g5 30. Ne2 Ne4 31. Nd4 Qf6 32. Qg4 Nd6 33. Qd7+ Kh8 34.
Rb1 Re7 35. Qd8+ Kg7 36. Qxd6 Qxd6 37. Nf5+ Kf6 38. Nxd6 Ke5 39. Nxb7 Rc6 40.
Na5 Ra6 41. Rb5 Ke4 42. Rc3 g4 43. Kf1 Rf7 44. Ke2 Raf6 45. Nxc4 Rxf2+ 46. Kd1
dxc4 47. Rxc4+ Kd3 48. Rd4+ Kxe3 49. Rbb4 Rxg2 50. Re4+ Kf3 51. Red4 g3 52. h6
Rxa2 53. Rb3+ Kg2 54. Rd2+ Rxd2+ 55. Kxd2 Kf2 0-1

[Event "Olimpiada Dresden 2008 Femenina"]
[Site "Dresden GER"]
[Date "2008.11.20"]
[Round "7.24"]
[White "Ryvova, Anna"]
[Black "Gansvind, Valeriya I"]
[Result "0-1"]
[WhiteElo "2009"]
[BlackElo "2212"]
[PlyCount "56"]
[EventDate "2008.11.13"]
[EventType "team-tourn"]
[EventRounds "11"]
[EventCountry "GER"]
[Source "lmi"]
[SourceDate "2008.11.13"]
[WhiteTeam "Chequia"]
[BlackTeam "Estonia"]
[WhiteTeamCountry "CZE"]
[BlackTeamCountry "EST"]

1. e4 c5 2. Nc3 e6 3. g3 d5 4. exd5 exd5 5. d4 Nf6 6. Bg2 Bg4 7. Nf3 Nc6 8.
Qe2+ Be7 9. dxc5 O-O 10. O-O Bxc5 11. Qb5 Be7 12. Rd1 Qc8 13. a3 a6 14. Qe2 Re8
15. Qd2 Ne4 16. Qd3 Nxc3 17. Qxc3 Bf6 18. Qd2 Qf5 19. Qd3 Qh5 20. Rf1 Rad8 21.
c3 Bf5 22. Qd1 Qg6 23. Be3 Be4 24. Nd4 Ne5 25. Qb3 h5 26. h4 Bxh4 27. Kh2 Ng4+
28. Kh1 Nxe3 0-1

[Event "Olimpiada Dresden 2008 Femenina"]
[Site "Dresden GER"]
[Date "2008.11.20"]
[Round "7.24"]
[White "Gonchar, Svitlana"]
[Black "Vahtra, Tuuli"]
[Result "0-1"]
[WhiteElo "1844"]
[BlackElo "1961"]
[PlyCount "50"]
[EventDate "2008.11.13"]
[EventType "team-tourn"]
[EventRounds "11"]
[EventCountry "GER"]
[Source "lmi"]
[SourceDate "2008.11.13"]
[WhiteTeam "Ucrania"]
[BlackTeam "Estonia"]
[WhiteTeamCountry "UKR"]
[BlackTeamCountry "EST"]

1. d4 e6 2. c4 d5 3. Nc3 c6 4. Nf3 Nf6 5. Bg5 dxc4 6. e4 b5 7. e5 h6 8. Bd2 Nd5
9. Be2 Nd7 10. b3 Nxc3 11. Bxc3 b4 12. Bb2 c3 13. Bc1 Bb7 14. O-O Qc7 15. Qc2
c5 16. Be3 Be7 17. a3 a5 18. Rfd1 O-O 19. dxc5 Nxc5 20. Rd4 Bd5 21. axb4 Nxb3
22. Ra4 Nxd4 23. Nxd4 axb4 24. f4 b3 25. Nb5 Rxa4 0-1

[Event "Olimpiada Dresden 2008 Femenina"]
[Site "Dresden GER"]
[Date "2008.11.20"]
[Round "7.25"]
[White "Zepeda, Lorena"]
[Black "Leite, Catarina"]
[Result "0-1"]
[WhiteElo "2159"]
[BlackElo "2153"]
[PlyCount "50"]
[EventDate "2008.11.13"]
[EventType "team-tourn"]
[EventRounds "11"]
[EventCountry "GER"]
[Source "lmi"]
[SourceDate "2008.11.13"]
[WhiteTeam "El Salvador"]
[BlackTeam "Portugal"]
[WhiteTeamCountry "ESA"]
[BlackTeamCountry "POR"]

1. e4 e5 2. Nf3 Nc6 3. Bc4 Nf6 4. d3 Bc5 5. c3 d6 6. O-O a6 7. Nbd2 Ba7 8. Bb3
O-O 9. h3 Ne7 10. Re1 Ng6 11. Nf1 c6 12. Ng3 h6 13. Nh2 d5 14. Qe2 Re8 15. Ng4
Nf4 16. Bxf4 exf4 17. Nxf6+ Qxf6 18. Nh5 Qg5 19. Qf3 dxe4 20. Rxe4 Rxe4 21.
Qxe4 Bxh3 22. Nxf4 Bf5 23. Qc4 Rf8 24. a4 a5 25. Ne2 Be6 0-1

[Event "Olimpiada Dresden 2008 Femenina"]
[Site "Dresden GER"]
[Date "2008.11.20"]
[Round "7.25"]
[White "Pintor, Ariana"]
[Black "Zepeda, Sonia"]
[Result "1-0"]
[WhiteElo "2152"]
[BlackElo "2118"]
[PlyCount "67"]
[EventDate "2008.11.13"]
[EventType "team-tourn"]
[EventRounds "11"]
[EventCountry "GER"]
[Source "lmi"]
[SourceDate "2008.11.13"]
[WhiteTeam "Portugal"]
[BlackTeam "El Salvador"]
[WhiteTeamCountry "POR"]
[BlackTeamCountry "ESA"]

1. e4 c5 2. Nf3 Nc6 3. d4 cxd4 4. Nxd4 Nf6 5. Nc3 d6 6. g3 e6 7. Bg2 a6 8. O-O
Bd7 9. Be3 Be7 10. a4 O-O 11. h3 Na5 12. g4 Nc4 13. Bc1 Rc8 14. g5 Ne8 15. h4
Qa5 16. Nce2 Qc7 17. c3 b5 18. axb5 axb5 19. Ng3 Rb8 20. h5 Nb6 21. Qg4 b4 22.
cxb4 Qc4 23. Be3 Qxb4 24. Ra7 Nc4 25. Rxd7 Ne5 26. Qh3 Nxd7 27. Nc6 Qxb2 28.
Bd4 Qd2 29. Nxe7+ Kh8 30. Ng6+ fxg6 31. hxg6 Ndf6 32. gxf6 h6 33. fxg7+ Nxg7
34. Be3 1-0